[Event "Santo Domingo Duarte Memorial 8th"]
[White "Soto Lora, Jose Santiago"]
[Black "Rincon De Los Santos, Rony Azael"]
[Site "Santo Domingo"]
[Round "2"]
[Result "1-0"]
[Date "2019.01.19"]
[WhiteElo "1990"]
[BlackElo "1764"]
[PlyCount "67"]
[EventDate "2019.01.18"]
[EventType "swiss"]
[EventRounds "8"]
[EventCountry "DOM"]
[SourceTitle "CBM 188 Extra"]
[Source "ChessBase"]
[SourceDate "2019.02.28"]
[SourceVersion "1"]
[SourceVersionDate "2019.02.28"]
[SourceQuality "1"]

1. e4 e6 2. d3 d5 3. Nd2 Nf6 4. Ngf3 c5 5. g3 Nc6 6. Bg2 Be7 7. 0-0 0-0 8. Re1 dxe4 9. Nxe4 Nxe4 10. Rxe4 Bd7 11. Bd2 Bf6 12. Bc3 Bxc3 13. bxc3 Qf6 14. Qd2 Rad8 15. Rae1 Rfe8 16. Ne5 Nxe5 17. Rxe5 b6 18. f4 Qh6 19. g4 f6 20. Rh5 Qg6 21. Qd1 e5 22. f5 Qf7 23. c4 Qe7 24. Bd5+ Kh8 25. Re3 h6 26. Qd2 Kh7 27. Reh3 Qf8 28. Bf7 Re7 29. Bg6+ Kg8 30. g5 fxg5 31. Qxg5 e4 32. Rxh6 gxh6 33. Rxh6 Rg7 34. f6 1-0

[Event "Santo Domingo De La Madre op"]
[White "Soto Lora, Jose Santiago"]
[Black "Urena, Andoreny"]
[Site "Santo Domingo"]
[Round "5"]
[Result "1-0"]
[Date "2018.05.26"]
[WhiteElo "1993"]
[BlackElo "1806"]
[PlyCount "77"]
[EventDate "2018.05.18"]
[EventType "swiss"]
[EventRounds "8"]
[EventCountry "DOM"]
[SourceTitle "CBM 184 Extra"]
[Source "ChessBase"]
[SourceDate "2018.06.28"]
[SourceVersion "1"]
[SourceVersionDate "2018.06.28"]
[SourceQuality "1"]

1. d4 d5 2. Bf4 Nf6 3. Nf3 c5 4. e3 Bg4 5. c3 Bxf3 6. Qxf3 Nc6 7. Bd3 e6 8. 0-0 cxd4 9. exd4 Be7 10. Nd2 0-0 11. Rfe1 g6 12. Nf1 Nh5 13. Bh6 Re8 14. g4 Ng7 15. Bf4 Bg5 16. Bg3 Qf6 17. Qxf6 Bxf6 18. f4 a6 19. Re2 b5 20. a3 Na5 21. Nd2 Nc4 22. Nf3 Be7 23. Bh4 Bxh4 24. Nxh4 Nd6 25. Kf2 f5 26. g5 Ne4+ 27. Ke3 Rec8 28. Nf3 Ne8 29. Ne5 N8d6 30. h4 Nc4+ 31. Nxc4 bxc4 32. Bxe4 fxe4 33. h5 Rab8 34. Rh1 gxh5 35. Rxh5 Rc7 36. Rh6 Re7 37. Reh2 Rbb7 38. Rf6 Kg7 39. f5 1-0

[Event "Santo Domingo Independencia op"]
[White "Soto Lora, Jose Santiago"]
[Black "Gil Lauriano, Saury"]
[Site "Santo Domingo"]
[Round "8"]
[Result "0-1"]
[Date "2018.02.25"]
[WhiteElo "1998"]
[BlackElo "1917"]
[PlyCount "41"]
[EventDate "2018.02.16"]
[EventType "swiss"]
[EventRounds "8"]
[EventCountry "DOM"]
[SourceTitle "CBM 187 Extra"]
[Source "ChessBase"]
[SourceDate "2018.11.04"]
[SourceVersion "1"]
[SourceVersionDate "2018.11.04"]
[SourceQuality "1"]

1. Nf3 Nf6 2. c4 c5 3. g3 g6 4. b3 Bg7 5. Bb2 0-0 6. Bg2 Nc6 7. 0-0 d6 8. d3 Qc7 9. Nbd2 Bg4 10. a3 Rad8 11. Qc2 Qc8 12. Rfe1 Rde8 13. Rac1 h6 14. e3 e5 15. d4 Ne7 16. e4 Nh5 17. b4 b6 18. Bc3 f5 19. bxc5 bxc5 20. Rb1 fxe4 21. Nxe4 0-1

[Event "Santo Domingo Guzman Cup"]
[White "Guzman, Christopher"]
[Black "Soto Lora, Jose Santiago"]
[Site "Santo Domingo"]
[Round "4"]
[Result "1-0"]
[Date "2017.10.22"]
[WhiteElo "2357"]
[BlackElo "1973"]
[PlyCount "79"]
[EventDate "2017.10.20"]
[EventType "swiss"]
[EventRounds "8"]
[EventCountry "DOM"]
[SourceTitle "CBM 181 Extra"]
[Source "ChessBase"]
[SourceDate "2017.12.12"]
[SourceVersion "1"]
[SourceVersionDate "2017.12.12"]
[SourceQuality "1"]

1. e4 d6 2. d4 g6 3. Nc3 Bg7 4. Be3 Nf6 5. f3 0-0 6. Qd2 Nc6 7. 0-0-0 e5 8. Nge2 exd4 9. Nxd4 Nxd4 10. Bxd4 Be6 11. g4 Ne8 12. h4 Bxd4 13. Qxd4 Qf6 14. Qe3 c6 15. h5 g5 16. h6 Kh8 17. Kb1 Rg8 18. Rh5 Rg6 19. Ne2 d5 20. e5 Qe7 21. Nd4 Qf8 22. Bd3 Rxh6 23. Qxg5 Rxh5 24. Qxh5 Qg7 25. Rh1 Kg8 26. Nxe6 fxe6 27. Bxh7+ Kf8 28. Bg6 Rc8 29. Qh8+ Qxh8 30. Rxh8+ Ke7 31. f4 Rd8 32. Bxe8 Rxe8 33. Rxe8+ Kxe8 34. Kc1 Kf7 35. f5 c5 36. a4 a5 37. Kd2 b6 38. Ke3 Ke7 39. Kf4 Kf7 40. g5 1-0

[Event "DOM-ch"]
[White "Soto Lora, Jose Santiago"]
[Black "Jimenez Martinez, Dario Alberto"]
[Site "Santo Domingo"]
[Round "9"]
[Result "0-1"]
[Date "2017.05.05"]
[WhiteElo "2024"]
[BlackElo "2121"]
[PlyCount "112"]
[EventDate "2017.04.21"]
[EventType "swiss"]
[EventRounds "11"]
[EventCountry "DOM"]
[SourceTitle "CBM 178 Extra"]
[Source "ChessBase"]
[SourceDate "2017.06.22"]
[SourceVersion "1"]
[SourceVersionDate "2017.06.22"]
[SourceQuality "1"]

1. e4 c5 2. Nf3 Nc6 3. d4 cxd4 4. Nxd4 g6 5. Be3 Bg7 6. c4 Nf6 7. Nc3 Nxd4 8. Bxd4 d6 9. Be2 0-0 10. 0-0 Bd7 11. f4 Bc6 12. Bf3 a5 13. Qe2 Nd7 14. Bxg7 Kxg7 15. Kh1 a4 16. Rad1 Qa5 17. Nd5 Bxd5 18. Rxd5 Qc7 19. b3 axb3 20. axb3 f6 21. Rb5 Ra7 22. Bg4 Rfa8 23. Bxd7 Qxd7 24. h3 Ra2 25. Qf3 R8a5 26. Rxa5 Rxa5 27. Qc3 Qc7 28. Rf3 Rc5 29. Qd4 Qa5 30. Kh2 Qe1 31. Qe3 Qa1 32. Qd3 Qb2 33. Qe3 h5 34. Rf2 Qa1 35. Qg3 Qe1 36. f5 g5 37. Qf3 Kh6 38. Re2 Qc1 39. Ra2 b5 40. e5 Rxe5 41. Re2 bxc4 42. bxc4 Qf4+ 43. Qxf4 gxf4 44. Rf2 Kg5 45. Rb2 h4 46. Kg1 Kxf5 47. Kf2 Re4 48. Rc2 Re5 49. Rb2 Rc5 50. Rb4 e5 51. Ke2 e4 52. Kd2 Ke5 53. Ra4 Kd4 54. Ra6 f5 55. Rb6 Ke5 56. Rb4 Rc8 0-1

[Event "DOM-ch"]
[White "Mejia, Juan Alberto"]
[Black "Soto Lora, Jose Santiago"]
[Site "Santo Domingo"]
[Round "6"]
[Result "1/2-1/2"]
[Date "2017.04.29"]
[WhiteElo "1875"]
[BlackElo "2024"]
[PlyCount "44"]
[EventDate "2017.04.21"]
[EventType "swiss"]
[EventRounds "11"]
[EventCountry "DOM"]
[SourceTitle "CBM 178 Extra"]
[Source "ChessBase"]
[SourceDate "2017.06.22"]
[SourceVersion "1"]
[SourceVersionDate "2017.06.22"]
[SourceQuality "1"]

1. Nf3 Nf6 2. b3 g6 3. Bb2 Bg7 4. e4 d6 5. d3 0-0 6. Be2 c5 7. 0-0 Nc6 8. Nbd2 a5 9. d4 Re8 10. Nc4 e5 11. Bc1 h6 12. h3 Be6 13. Na3 d5 14. exd5 Bxd5 15. Bb2 Nxd4 16. Nxd4 exd4 17. Bf3 Ra6 18. Bxd5 Nxd5 19. Re1 Rae6 20. Rxe6 Rxe6 21. Nc4 b6 22. Nd2 Qe7 1/2-1/2

[Event "Santo Domingo Inmortales op"]
[White "Del Rosario Moreno, Carlos"]
[Black "Soto Lora, Jose Santiago"]
[Site "Santo Domingo"]
[Round "4"]
[Result "0-1"]
[Date "2016.11.20"]
[WhiteElo "2123"]
[BlackElo "2001"]
[PlyCount "78"]
[EventDate "2016.11.18"]
[EventType "swiss"]
[EventRounds "8"]
[EventCountry "DOM"]
[SourceTitle "EXT 2018"]
[Source "ChessBase"]
[SourceDate "2017.10.13"]
[SourceVersion "1"]
[SourceVersionDate "2017.10.13"]
[SourceQuality "1"]

1. d4 Nf6 2. c4 g6 3. Nc3 Bg7 4. e4 d6 5. Nf3 0-0 6. Be2 c6 7. 0-0 Nbd7 8. Rb1 a5 9. a3 e5 10. d5 cxd5 11. cxd5 Nc5 12. Nd2 a4 13. Bb5 Bd7 14. Qe2 Bg4 15. f3 Bc8 16. Nc4 Nh5 17. Be3 Nf4 18. Qc2 Nb3 19. Bxa4 Nd4 20. Qd1 f5 21. Kh1 fxe4 22. fxe4 h5 23. Qd2 g5 24. b3 Bg4 25. Bf2 h4 26. h3 Bh5 27. Ne3 Rf6 28. Nc2 Nxc2 29. Qxc2 Rg6 30. Nd1 g4 31. hxg4 Bxg4 32. Ne3 Rc8 33. Qd2 Ne2 34. Nxg4 Ng3+ 35. Bxg3 hxg3 36. Kg1 Qh4 37. Bd7 Rxg4 38. Be6+ Kh8 39. Rf5 Rxe4 0-1

[Event "Santo Domingo Autumn op"]
[White "Santana, Jeremy Saul"]
[Black "Soto Lora, Jose Santiago"]
[Site "Santo Domingo"]
[Round "1"]
[Result "1-0"]
[Date "2016.10.07"]
[WhiteElo "1630"]
[BlackElo "2020"]
[PlyCount "101"]
[EventDate "2016.10.07"]
[EventType "swiss"]
[EventRounds "8"]
[EventCountry "DOM"]
[SourceTitle "CBM 175 Extra"]
[Source "ChessBase"]
[SourceDate "2016.12.12"]
[SourceVersion "1"]
[SourceVersionDate "2016.12.12"]
[SourceQuality "1"]

1. d4 Nf6 2. c4 g6 3. Nc3 Bg7 4. Nf3 0-0 5. Bg5 h6 6. Bh4 d6 7. e3 c5 8. Bd3 cxd4 9. exd4 Nc6 10. 0-0 Bg4 11. h3 Bxf3 12. Qxf3 g5 13. Bg3 Nxd4 14. Qxb7 e5 15. Qa6 Re8 16. Rfe1 Nh5 17. Be4 Rb8 18. b3 f5 19. Bd5+ Kh8 20. Rad1 Qc7 21. Nb5 Nxb5 22. cxb5 Rb6 23. Rc1 Qe7 24. Qa4 Nf6 25. Bc6 Rd8 26. Qb4 Bf8 27. f3 Qg7 28. Qd2 Rbb8 29. Rc4 d5 30. Ra4 f4 31. Bf2 e4 32. Bd4 e3 33. Qc3 Rd6 34. Rxa7 Qg6 35. Rd7 Rxd7 36. Bxd7 Bg7 37. Bc6 h5 38. Bxf6 Bxf6 39. Qc1 d4 40. Be4 Qg7 41. Qc5 Re8 42. b6 Be5 43. Qc6 Rg8 44. Qe6 Qf6 45. Qxf6+ Bxf6 46. a4 Rb8 47. a5 Kg7 48. b7 Rxb7 49. Bxb7 d3 50. Ba6 Bc3 51. Bxd3 1-0

[Event "Santo Domingo Autumn op"]
[White "Soto Lora, Jose Santiago"]
[Black "Duran Lantigua, Enrrique Alfredo"]
[Site "Santo Domingo"]
[Round "4"]
[Result "0-1"]
[Date "2016.10.07"]
[WhiteElo "2020"]
[BlackElo "1883"]
[PlyCount "69"]
[EventDate "2016.10.07"]
[EventType "swiss"]
[EventRounds "8"]
[EventCountry "DOM"]
[SourceTitle "CBM 175 Extra"]
[Source "ChessBase"]
[SourceDate "2016.12.12"]
[SourceVersion "1"]
[SourceVersionDate "2016.12.12"]
[SourceQuality "1"]

1. c4 Nf6 2. Nc3 e6 3. g3 d5 4. Bg2 Be7 5. d4 0-0 6. Nf3 dxc4 7. Ne5 Nc6 8. Nxc6 bxc6 9. Bxc6 Rb8 10. e3 Qd6 11. Bf3 e5 12. dxe5 Qxe5 13. 0-0 Bh3 14. Bg2 Rfd8 15. Qe2 Bxg2 16. Kxg2 Rd3 17. Qf3 Rxc3 18. bxc3 Qxc3 19. Bd2 Qxd2 20. Qc6 Qd5+ 21. Qxd5 Nxd5 22. Rac1 Rb2 23. Kf3 Nb6 24. a4 a5 25. Rfd1 g6 26. Rb1 Rxb1 27. Rxb1 Bb4 28. Ra1 f5 29. g4 fxg4+ 30. Kxg4 c3 31. Kf3 Kf7 32. Ke2 Ke6 33. Kd3 Kd5 34. h4 Be7 35. h5 0-1

[Event "Santo Domingo Autumn op"]
[White "Soto Lora, Jose Santiago"]
[Black "Nova Ramirez, Presley Eury"]
[Site "Santo Domingo"]
[Round "6"]
[Result "1-0"]
[Date "2016.10.07"]
[WhiteElo "2020"]
[BlackElo "1858"]
[PlyCount "65"]
[EventDate "2016.10.07"]
[EventType "swiss"]
[EventRounds "8"]
[EventCountry "DOM"]
[SourceTitle "CBM 175 Extra"]
[Source "ChessBase"]
[SourceDate "2016.12.12"]
[SourceVersion "1"]
[SourceVersionDate "2016.12.12"]
[SourceQuality "1"]

1. d4 d6 2. c4 g6 3. Nc3 Bg7 4. e4 e5 5. d5 Nf6 6. f3 c5 7. Be3 a6 8. a4 Nbd7 9. Bd3 Rb8 10. Nge2 0-0 11. g4 Nb6 12. Qd2 h5 13. h3 Nh7 14. Kf2 h4 15. Kg2 g5 16. Rhb1 Nd7 17. b4 b6 18. bxc5 Nxc5 19. Bxc5 dxc5 20. Ra3 Re8 21. Rab3 Re7 22. a5 b5 23. cxb5 Qxa5 24. bxa6 Rxb3 25. Rxb3 Bxa6 26. Rb8+ Bf8 27. Ra8 c4 28. Bxc4 Rc7 29. Bxa6 Kg7 30. Bb7 Qb4 31. Bc6 Bc5 32. Ra4 Qb3 33. Qa2 1-0

[Event "DOM-ch"]
[White "Soto Lora, Jose Santiago"]
[Black "Lorenzo De Los Santos, Luis L"]
[Site "Santo Domingo"]
[Round "3"]
[Result "1/2-1/2"]
[Date "2016.04.02"]
[WhiteElo "2015"]
[BlackElo "2134"]
[PlyCount "103"]
[EventDate "2016.04.01"]
[EventType "swiss"]
[EventRounds "11"]
[EventCountry "DOM"]
[SourceTitle "CBM 171 Extra"]
[Source "ChessBase"]
[SourceDate "2016.04.26"]
[SourceVersion "1"]
[SourceVersionDate "2016.04.26"]
[SourceQuality "1"]

1. d4 Nf6 2. c4 d6 3. Nc3 Nbd7 4. e4 e5 5. d5 Be7 6. Be3 0-0 7. f3 c6 8. Qd2 a6 9. Nge2 Qc7 10. g4 b5 11. g5 b4 12. gxf6 bxc3 13. Nxc3 Nxf6 14. Bg5 cxd5 15. Bxf6 Bxf6 16. Nxd5 Bh4+ 17. Kd1 Qc5 18. Qe3 Qa5 19. b4 Qa4+ 20. Qb3 Qc6 21. a4 Be6 22. b5 Qc5 23. Qe3 Qxe3 24. Nxe3 axb5 25. a5 bxc4 26. Nxc4 Bf2 27. Bd3 Bd4 28. Ra4 d5 29. exd5 Bxd5 30. Be4 Bxc4 31. Rxc4 Rxa5 32. Kd2 Rd8 33. Rb1 g6 34. Ke1 Ra2 35. Bc2 Ra3 36. Rb3 Ra1+ 37. Bb1 Rd7 38. Ke2 f5 39. h4 h5 40. Rc6 Kg7 41. Rb8 Ra3 42. Re8 Re3+ 43. Kd1 Rxf3 44. Ree6 Rg3 45. Bc2 Bc3+ 46. Ke2 Rd2+ 47. Kf1 Rxc2 48. Rc7+ Kh6 49. Rh7+ Kxh7 50. Re7+ Kg8 51. Re8+ Kf7 52. Re7+ 1/2-1/2

[Event "Santo Domingo Duarte Memorial 5th"]
[White "Soto Lora, Jose Santiago"]
[Black "De la Rosa Brito, Willy"]
[Site "Santo Domingo"]
[Round "6"]
[Result "1/2-1/2"]
[Date "2016.01.16"]
[WhiteElo "2037"]
[BlackElo "2088"]
[PlyCount "152"]
[EventDate "2016.01.08"]
[EventType "swiss"]
[EventRounds "8"]
[EventCountry "DOM"]
[SourceTitle "CBM 170 Extra"]
[Source "ChessBase"]
[SourceDate "2016.02.25"]
[SourceVersion "1"]
[SourceVersionDate "2016.02.25"]
[SourceQuality "1"]

1. d4 Nf6 2. c4 g6 3. Nc3 Bg7 4. e4 d6 5. f3 0-0 6. Be3 c5 7. Nge2 Nc6 8. Qd2 Qa5 9. Rd1 a6 10. a4 cxd4 11. Nxd4 Nxd4 12. Bxd4 Be6 13. Nd5 Qxd2+ 14. Rxd2 Nxd5 15. Bxg7 Kxg7 16. exd5 Bd7 17. b3 b5 18. axb5 axb5 19. Bd3 Ra1+ 20. Rd1 Rxd1+ 21. Kxd1 Ra8 22. Re1 bxc4 23. Bxc4 Kf8 24. Re2 Ke8 25. Kc1 Ra1+ 26. Kb2 Rh1 27. b4 Kd8 28. h3 Bf5 29. b5 Rd1 30. Ka3 Bc8 31. Ka4 Ra1+ 32. Ra2 Rc1 33. Bb3 Rc5 34. Kb4 Bb7 35. b6 Kc8 36. Ra5 Rc1 37. Ra2 Rc5 38. Re2 Kd8 39. Rd2 Ba6 40. Ba4 Bb7 41. Bc6 Kc8 42. Re2 e5 43. Ra2 Bxc6 44. dxc6 Rxc6 45. Kb5 Rc5+ 46. Ka6 Kb8 47. Re2 f5 48. g3 h6 49. h4 h5 50. Re3 Rc8 51. Rd3 Rd8 52. Rc3 Rd7 53. Kb5 d5 54. Kc6 d4 55. Ra3 Rf7 56. Ra5 e4 57. Rd5 Rf6+ 58. Kc5 exf3 59. Rxd4 f2 60. Rf4 Kb7 61. Rxf2 Rxb6 62. Kd4 Kc6 63. Ke5 Kd7 64. Rd2+ Ke7 65. Kf4 Rb4+ 66. Kf3 Ke6 67. Ra2 Rb6 68. Ra3 Kf6 69. Ra8 Rd6 70. Rf8+ Ke5 71. Re8+ Re6 72. Ra8 Kf6 73. Rf8+ Kg7 74. Ra8 Rb6 75. Ra3 Kf6 76. Ra8 Rb4 1/2-1/2

[Event "Santo Domingo La Raza op"]
[White "Jaquez, Juan Manuel"]
[Black "Soto Lora, Jose Santiago"]
[Site "Santo Domingo"]
[Round "7"]
[Result "1-0"]
[Date "2015.10.20"]
[WhiteElo "2103"]
[BlackElo "2025"]
[PlyCount "119"]
[EventDate "2015.10.12"]
[EventType "swiss"]
[EventRounds "8"]
[EventCountry "DOM"]
[SourceTitle "CBM 169 Extra"]
[Source "ChessBase"]
[SourceDate "2015.12.18"]
[SourceVersion "1"]
[SourceVersionDate "2015.12.18"]
[SourceQuality "1"]

1. e4 d6 2. d4 Nf6 3. Nc3 g6 4. f4 Bg7 5. Nf3 0-0 6. Bd3 Na6 7. a3 c5 8. d5 Nc7 9. Qe2 a6 10. a4 e6 11. dxe6 Bxe6 12. 0-0 Bg4 13. h3 Bxf3 14. Qxf3 Ne6 15. Ne2 Qc7 16. c4 Rab8 17. Be3 Nd7 18. Nc3 Nd4 19. Qf2 Rbe8 20. Kh1 Qd8 21. a5 Nb8 22. f5 f6 23. Bxd4 cxd4 24. Qxd4 Nc6 25. Qb6 Ne5 26. Qxd8 Rxd8 27. Be2 Bh6 28. Nd5 Bg7 29. Rfd1 Kf7 30. Rd4 Rfe8 31. Nc7 Nc6 32. Rd3 Rxe4 33. Bf3 gxf5 34. Bxe4 fxe4 35. Re3 f5 36. Rf1 Rd7 37. Nd5 Ke6 38. g4 Rf7 39. gxf5+ Rxf5 40. Rg1 Bxb2 41. Rxe4+ Be5 42. Rg7 Rf1+ 43. Kg2 Rc1 44. Rxb7 Nxa5 45. Ne3 Rc3 46. Ra7 Nb3 47. Ng4 Nd2 48. Re2 Nxc4 49. Nxe5 Nxe5 50. Rxh7 Kd5 51. Ra7 Ng6 52. Rd2+ Ke5 53. Rh7 Nf4+ 54. Kh2 d5 55. h4 Rh3+ 56. Kg1 d4 57. Re7+ Kf6 58. Rxd4 Rxh4 59. Re8 Kf5 60. Kf2 1-0

[Event "Santo Domingo La Raza op"]
[White "Perez Feliz, Jose Enrique"]
[Black "Soto Lora, Jose Santiago"]
[Site "Santo Domingo"]
[Round "2"]
[Result "0-1"]
[Date "2015.10.13"]
[WhiteElo "1893"]
[BlackElo "2025"]
[PlyCount "70"]
[EventDate "2015.10.12"]
[EventType "swiss"]
[EventRounds "8"]
[EventCountry "DOM"]
[SourceTitle "CBM 169 Extra"]
[Source "ChessBase"]
[SourceDate "2015.12.18"]
[SourceVersion "1"]
[SourceVersionDate "2015.12.18"]
[SourceQuality "1"]

1. d4 Nf6 2. e3 g6 3. Bd3 Bg7 4. Nd2 d5 5. f4 0-0 6. Ngf3 c6 7. 0-0 Bf5 8. Qe2 e6 9. h3 Nbd7 10. g4 Bxd3 11. Qxd3 c5 12. c3 Ne8 13. g5 Nd6 14. Ne5 cxd4 15. cxd4 Nxe5 16. dxe5 Nf5 17. Nf3 Qb6 18. b3 Rfc8 19. Nd4 Nxd4 20. exd4 Rc6 21. Bb2 Rac8 22. Rac1 Bf8 23. Rxc6 Rxc6 24. Rc1 Qa5 25. Rxc6 bxc6 26. a4 Qe1+ 27. Kg2 Bb4 28. Qc2 Qe3 29. Bc1 Qxd4 30. Qxc6 Bc5 31. Qe8+ Kg7 32. h4 Qf2+ 33. Kh3 Qf1+ 34. Kh2 Qg1+ 35. Kh3 Bf2 0-1

[Event "Santo Domingo La Raza op"]
[White "Soto Lora, Jose Santiago"]
[Black "Rosario Tejada, Angel Jose"]
[Site "Santo Domingo"]
[Round "1"]
[Result "1-0"]
[Date "2015.10.12"]
[WhiteElo "2025"]
[BlackElo "1715"]
[PlyCount "85"]
[EventDate "2015.10.12"]
[EventType "swiss"]
[EventRounds "8"]
[EventCountry "DOM"]
[SourceTitle "CBM 169 Extra"]
[Source "ChessBase"]
[SourceDate "2015.12.18"]
[SourceVersion "1"]
[SourceVersionDate "2015.12.18"]
[SourceQuality "1"]

1. d4 Nf6 2. c4 e6 3. Nf3 c5 4. d5 exd5 5. cxd5 d6 6. Nc3 g6 7. g3 Bg7 8. Bg2 0-0 9. 0-0 Bf5 10. Nd2 a6 11. a4 Nbd7 12. e4 Bg4 13. f3 Bh5 14. g4 Bxg4 15. fxg4 Ne5 16. h3 Qb6 17. a5 Qc7 18. Nf3 Nfd7 19. Nxe5 Nxe5 20. Qe2 c4 21. Be3 Nd3 22. Bb6 Qe7 23. Ra4 Rac8 24. Rxc4 Rxc4 25. Qxd3 Rfc8 26. Rc1 Be5 27. Qf3 Rb4 28. Rc2 Qg5 29. Be3 Qd8 30. Rf2 f6 31. Bb6 Rxb6 32. axb6 Bd4 33. Kh1 Bxf2 34. Qxf2 Rc5 35. g5 fxg5 36. e5 Rxc3 37. bxc3 dxe5 38. c4 a5 39. c5 a4 40. c6 a3 41. c7 Qd7 42. Qc2 Qc8 43. d6 1-0